| 000 | 01098cam a2200253 a 4500 | ||
|---|---|---|---|
| 001 | 3543085 | ||
| 005 | 20250308123208.0 | ||
| 008 | 970530s1998 caua b 001 0 eng | ||
| 020 | _a0787909130 (acidfree paper) | ||
| 050 | 0 | 0 |
_aHD58.9 _b.G724 1998 |
| 082 | 0 | 0 |
_a658.4 _221 |
| 100 | 1 | _aGray, Sandra T. | |
| 245 | 1 | 0 |
_aEvaluation with power : _ba new approach to organizational effectiveness, empowerment, and excellence / _cSandra Trice Gray and associates ; foreword by Michael Quinn Patton. |
| 250 | _a1st ed. | ||
| 260 |
_aSan Francisco : _bJossey-Bass, _cc1998. |
||
| 300 |
_axxvii, 178 p. : _bill. ; _c25 cm. |
||
| 440 | 4 | _aThe Jossey-Bass nonprofit and public management series | |
| 650 | 0 | _aOrganizational effectiveness. | |
| 650 | 0 |
_aNonprofit organizations _xEvaluation. |
|
| 856 | 4 | 2 |
_3Contributor biographical information _uhttp://www.loc.gov/catdir/bios/wiley042/97021086.html |
| 856 | 4 | 2 |
_3Publisher description _uhttp://www.loc.gov/catdir/description/wiley034/97021086.html |
| 856 | 4 |
_3Table of Contents _uhttp://www.loc.gov/catdir/toc/onix06/97021086.html |
|
| 942 |
_2lcc _cBK _n0 |
||
| 999 |
_c4592 _d4592 |
||